| 000 | 00807nam a2200205 i 4500 | ||
|---|---|---|---|
| 001 | 43590 | ||
| 003 | ES-MaACL | ||
| 005 | 20230906160833.0 | ||
| 007 | t| | ||
| 008 | 030318s1966 sp ||||1| spa d | ||
| 245 | 0 | 0 |
_aCatálogo de empresas y productos industriales / _cServicio Sindical de Estadística. |
| 260 |
_aMadrid : _bServicio Sindical de Estadística, _c1966 ( _fImp. Suc. Rivadeneyra) |
||
| 300 |
_a6 v. ; _c25 cm. |
||
| 500 | _aPrecede al Tít.: Servicio Sindical de Estadística. | ||
| 505 | 8 | _aContiene: T. 2 y 3 del Vol. I. T. 2 y 3 del Vol. II. T. 2 y 3 del Vol. III | |
| 650 | 4 |
_aEmpresas- _zEspaña- _vDirectorios. _9154437 |
|
| 650 | 4 |
_aProductos industriales- _zEspaña. _9169077 |
|
| 710 | 2 |
_aServicio Sindical de Estadística (España) _9164510 |
|
| 852 |
_aES-MaACL _jP-1175 _bR.63978 |
||
| 999 |
_c43590 _d43590 |
||